|
|
|
|
| LEADER |
00000naa2a2200000 4500 |
| 001 |
624030 |
| 005 |
20231101133307.0 |
| 035 |
|
|
|a (RuTPU)RU\TPU\conf\23225
|
| 035 |
|
|
|a RU\TPU\conf\23222
|
| 090 |
|
|
|a 624030
|
| 100 |
|
|
|a 20171026d2017 k y0rusy50 ca
|
| 101 |
0 |
|
|a rus
|e rus
|
| 102 |
|
|
|a RU
|
| 105 |
|
|
|a y z 101zy
|
| 135 |
|
|
|a drgn ---uucaa
|
| 181 |
|
0 |
|a i
|
| 182 |
|
0 |
|a b
|
| 200 |
1 |
|
|a Структура и термическая стабильность сплава Zr-1Nb в ультрамелкозернистом состоянии
|f А. С. Дубровская, Г. П. Грабовецкая
|
| 203 |
|
|
|a Текст
|c электронный
|
| 225 |
1 |
|
|a Проблемы прочности, пластичности и усталостной долговечности современных конструкционных материалов
|
| 230 |
|
|
|a 1 компьютерный файл (pdf; 334 Кб)
|
| 300 |
|
|
|a Заглавие с экрана
|
| 320 |
|
|
|a [Библиогр.: с. 56 (5 назв.)]
|
| 463 |
|
0 |
|0 (RuTPU)RU\TPU\conf\23187
|t Современные технологии и материалы новых поколений
|o сборник трудов Международной конференции с элементами научной школы для молодежи, г. Томск, 9-13 октября 2017 г.
|f Национальный исследовательский Томский политехнический университет (ТПУ) ; Российская академия наук (РАН), Сибирское отделение (СО), Институт физики прочности и материаловедения (ИФПМ)
|v [С. 54-56]
|d 2017
|
| 610 |
1 |
|
|a электронный ресурс
|
| 610 |
1 |
|
|a структура
|
| 610 |
1 |
|
|a термическая стабильность
|
| 610 |
1 |
|
|a сплавы
|
| 610 |
1 |
|
|a ультрамелкозернистные состояния
|
| 610 |
1 |
|
|a металлические материалы
|
| 610 |
1 |
|
|a прочностные характеристики
|
| 610 |
1 |
|
|a интенсивная пластическая деформация
|
| 610 |
1 |
|
|a механические свойства
|
| 700 |
|
1 |
|a Дубровская
|b А. С.
|
| 701 |
|
1 |
|a Грабовецкая
|b Г. П.
|
| 712 |
0 |
2 |
|a Национальный исследовательский Томский политехнический университет (ТПУ)
|c (2009- )
|2 stltpush
|3 (RuTPU)RU\TPU\col\15902
|
| 712 |
0 |
2 |
|a Российская академия наук (РАН)
|b Сибирское отделение (СО)
|b Институт физики прочности и материаловедения (ИФПМ)
|c (Томск)
|2 stltpush
|3 (RuTPU)RU\TPU\col\265
|
| 801 |
|
2 |
|a RU
|b 63413507
|c 20171103
|g RCR
|
| 856 |
4 |
|
|u http://earchive.tpu.ru/handle/11683/43768
|
| 942 |
|
|
|c BK
|